[Event "Prague Golden 65+ op 17th"]
[Site "Prague"]
[Date "2022.07.13"]
[Round "5"]
[White "Svetla, Jira"]
[Black "Tichonov, Jiri"]
[Result "0-1"]
[WhiteElo "1851"]
[BlackElo "2028"]
[PlyCount "116"]
[EventDate "2022.07.09"]
[EventType "swiss"]
[EventRounds "9"]
[EventCountry "CZE"]
[SourceTitle "CBM 209 Extra"]
[Source "ChessBase"]
[SourceDate "2022.09.30"]
[SourceVersion "1"]
[SourceVersionDate "2022.09.30"]
[SourceQuality "1"]

1. d4 Nf6 2. c4 e6 3. Nc3 d5 4. Bg5 Be7 5. e3 h6 6. Bh4 0-0 7. Nf3 b6 8. cxd5 exd5 9. Bd3 Bb7 10. 0-0 Nbd7 11. Qc2 c5 12. Rfe1 Re8 13. Rac1 a6 14. a4 Qc7 15. Bg3 Bd6 16. Bxd6 Qxd6 17. h3 Re7 18. Ne2 c4 19. Bf5 b5 20. Ng3 Qb4 21. Ra1 Ree8 22. e4 dxe4 23. Nxe4 Bxe4 24. Bxe4 Nxe4 25. Rxe4 Nf6 26. Re5 Red8 27. g4 Nd7 28. Re2 Nb6 29. g5 Qd6 30. axb5 axb5 31. Rxa8 Rxa8 32. Qf5 Qd7 33. Qxd7 Nxd7 34. Re7 Rd8 35. gxh6 gxh6 36. Kf1 Kf8 37. Re2 Rc8 38. Ke1 b4 39. Kd2 Nb6 40. Kc2 b3+ 41. Kb1 Nd5 42. Re5 Nf4 43. Rc5 Rxc5 44. dxc5 Nxh3 45. Ne5 Nxf2 46. c6 Ne4 47. Nxc4 Ke7 48. Kc1 h5 49. Kd1 Kd8 50. Ke2 Kc7 51. Kf3 Nc5 52. Kg3 Kxc6 53. Ne5+ Kd5 54. Nxf7 Nd3 55. Kf3 Nxb2 56. Ke3 Na4 57. Kd3 b2 58. Kc2 Ke4 0-1